Historia general de la República del Ecuador / (Record no. 154620)
[ view plain ]
| 000 -LEADER | |
|---|---|
| campo de control de longitud fija | 01090nam a22002055i 4500 |
| 001 - NÚMERO DE CONTROL | |
| campo de control | 154620 |
| 003 - IDENTIFICADOR DE NÚMERO DE CONTROL | |
| campo de control | ES-MaACL |
| 005 - FECHA Y HORA DE LA ÚLTIMA TRANSACCIÓN | |
| campo de control | 20230906205810.0 |
| 008 - DATOS DE LONGITUD FIJA--INFORMACIÓN GENERAL | |
| campo de control de longitud fija | 980605m18901903ec f |||| | spa d |
| 100 1# - ENTRADA PRINCIPAL--NOMBRE DE PERSONA | |
| Nombre de persona | González Suárez, Federico. |
| 9 (RLIN) | 127430 |
| 245 10 - MENCIÓN DEL TÍTULO | |
| Título | Historia general de la República del Ecuador / |
| Mención de responsabilidad, etc. | escrita por Federico González Suárez. |
| 260 ## - PUBLICACIÓN, DISTRIBUCIÓN, ETC. | |
| Lugar de publicación, distribución, etc. | Quito : |
| Nombre del editor, distribuidor, etc. | [s.n.], |
| Fecha de publicación, distribución, etc. | 1890-1903 ( |
| Fabricante | Imp. del Clero) |
| 300 ## - DESCRIPCIÓN FÍSICA | |
| Extensión | 4 v. ; |
| Dimensiones | 28 cm. |
| 505 8# - NOTA DE CONTENIDO CON FORMATO | |
| Nota de contenido con formato | Contiene: I. Tiempos antiguos o El Ecuador antes de la conquista (XV, 318 p.) - II. El descubrimiento y la conquista (1513-1564) (463 p.) - III-IV. La colonia o El Ecuador durante el gobierno de los reyes de España (1564-1809) (480 ; 487 p.) |
| 530 ## - NOTA DISPONIBLE DE FORMULARIO FÍSICO ADICIONAL | |
| Nota de formato físico adicional disponible | Disponible en formato digital la obra completa (9 v.) |
| 651 #4 - PUNTO DE ACCESO ADICIONAL DE MATERIA--NOMBRE GEOGRÁFICO | |
| Nombre geográfico | Ecuador- |
| Subdivisión general | Historia. |
| 9 (RLIN) | 8134 |
| 852 4# - LOCALIZACIÓN | |
| Ubicación | ES-MaACL |
| Número de control de estantería | F-8491-94 |
| Nota libre | - Enc. pasta española |
| 856 4# - LOCALIZACIÓN Y ACCESO ELECTRÓNICOS | |
| Identificador Uniforme de Recursos | <a href="http://bdh-rd.bne.es/viewer.vm?id=0000149247&page=1 ">http://bdh-rd.bne.es/viewer.vm?id=0000149247&page=1 </a> |
| Nota pública | Biblioteca Digital Hispánica |
| 856 4# - LOCALIZACIÓN Y ACCESO ELECTRÓNICOS | |
| Identificador Uniforme de Recursos | <a href="https://bibliotecadigital.aecid.es/bibliodig/es/consulta/registro.do?id=670">https://bibliotecadigital.aecid.es/bibliodig/es/consulta/registro.do?id=670</a> |
| Nota pública | Biblioteca Digital AECID |
| Estatus retirado | Estado de pérdida | Estado de daño | No para préstamo | Colección | Biblioteca de origen | Biblioteca actual | Ubicación en estantería | Fecha de adquisición | Fuente de adquisición | Total de préstamos | Signatura topográfica completa | Código de barras | Visto por última vez | Precio de reemplazo | Tipo de ítem Koha |
|---|---|---|---|---|---|---|---|---|---|---|---|---|---|---|---|
| Colección digital | Biblioteca del Ateneo de Madrid | Biblioteca del Ateneo de Madrid | Sala Pecera Planta 2 | 17/01/2008 | F-8491-8494 | 1161718 | 23/02/2023 | 23/02/2023 | Libro impreso antiguo |
